[Event "Novosibirsk Sukharev Memorial Seniors"]
[Site "Novosibirsk"]
[Date "2012.07.23"]
[Round "6"]
[White "Abanin, Vladimir"]
[Black "Popova, Adelanda"]
[Result "1-0"]
[WhiteElo "1840"]
[BlackElo "1622"]
[PlyCount "52"]
[EventDate "2012.07.18"]
[EventType "swiss"]
[EventRounds "9"]
[EventCountry "RUS"]
[SourceTitle "EXT 2014"]
[Source "ChessBase"]
[SourceDate "2013.11.20"]
[SourceVersion "1"]
[SourceVersionDate "2013.11.20"]
[SourceQuality "1"]

1. e4 d6 2. d4 Nf6 3. Nc3 g6 4. Bg5 Bg7 5. Bd3 a6 6. f4 h6 7. Bh4 Ng4 8. Qd2 c6 9. Nf3 Nf6 10. 0-0 b5 11. Bxf6 Bxf6 12. e5 Bg7 13. Ne4 d5 14. Nc5 e6 15. g4 Nd7 16. Nxe6 fxe6 17. Bxg6+ Kf8 18. f5 exf5 19. gxf5 Kg8 20. Qg2 Qe7 21. e6 Qf6 22. exd7 Kf8 23. Nh4 Bxd7 24. Nf3 Kg8 25. Ne5 Bc8 26. Bf7+ Kf8 1-0

[Event "Novosibirsk Sukharev Memorial Seniors"]
[Site "Novosibirsk"]
[Date "2012.07.19"]
[Round "2"]
[White "Gavrilov, Gennady"]
[Black "Popova, Adelanda"]
[Result "1-0"]
[WhiteElo "2091"]
[BlackElo "1622"]
[PlyCount "65"]
[EventDate "2012.07.18"]
[EventType "swiss"]
[EventRounds "9"]
[EventCountry "RUS"]
[SourceTitle "EXT 2014"]
[Source "ChessBase"]
[SourceDate "2013.11.20"]
[SourceVersion "1"]
[SourceVersionDate "2013.11.20"]
[SourceQuality "1"]

1. e4 d6 2. d4 g6 3. f4 Bg7 4. Nf3 a6 5. Bc4 e6 6. 0-0 Ne7 7. Nc3 0-0 8. Be3 f5 9. Bd3 fxe4 10. Bxe4 d5 11. Bd3 Nf5 12. Bf2 Nc6 13. Ne2 Nb4 14. Bxf5 exf5 15. c3 Nc6 16. Nc1 Be6 17. Nd3 b6 18. Re1 Bf7 19. Qd2 Qd7 20. Nde5 Nxe5 21. Nxe5 Qd6 22. Bh4 Bf6 23. Bxf6 Qxf6 24. Nd7 Qg7 25. Nxf8 Qxf8 26. Re5 Qd6 27. Rae1 Kf8 28. Qf2 Re8 29. Qh4 Rxe5 30. fxe5 Qe6 31. Qxh7 Ke7 32. Qg7 Kd7 33. Qf6 1-0

[Event "Novosibirsk AS-90 Seniors op"]
[Site "Novosibirsk"]
[Date "2010.11.20"]
[Round "6.12"]
[White "Balutin, Sergei"]
[Black "Popova, Adelanda"]
[Result "1-0"]
[WhiteElo "1879"]
[BlackElo "1614"]
[PlyCount "59"]
[EventDate "2010.11.05"]
[EventType "swiss"]
[EventRounds "9"]
[EventCountry "RUS"]
[SourceTitle "EXT 2022"]
[Source "ChessBase"]
[SourceDate "2021.10.06"]
[SourceVersion "1"]
[SourceVersionDate "2021.10.06"]
[SourceQuality "1"]

1. e4 e5 2. c3 g6 3. d4 Bg7 4. dxe5 Bxe5 5. f4 Bg7 6. Bc4 d6 7. Nf3 h6 8. 0-0 Ne7 9. Nh4 h5 10. Na3 a6 11. f5 gxf5 12. exf5 Bf6 13. Qe1 d5 14. Bb3 Nd7 15. Nc2 c5 16. Ne3 Ne5 17. Bc2 Rg8 18. Nf3 N7c6 19. c4 d4 20. Nd5 Kd7 21. b3 Rb8 22. Bf4 Nxf3+ 23. Rxf3 Re8 24. Qg3 Ne5 25. Rff1 Rg8 26. Qxg8 Bh8 27. Qxd8+ Kxd8 28. Rae1 f6 29. Nxf6 Bxf6 30. Bxe5 1-0

[Event "Novosibirsk Seniors op"]
[Site "Novosibirsk"]
[Date "2010.09.29"]
[Round "5"]
[White "Kaigorodov, Timofei"]
[Black "Popova, Adelanda"]
[Result "1-0"]
[WhiteElo "1774"]
[BlackElo "1632"]
[PlyCount "65"]
[EventDate "2010.09.24"]
[EventType "swiss"]
[EventRounds "9"]
[EventCountry "RUS"]
[SourceTitle "EXT 2014"]
[Source "ChessBase"]
[SourceDate "2013.11.20"]
[SourceVersion "1"]
[SourceVersionDate "2013.11.20"]
[SourceQuality "1"]

1. e4 d6 2. d4 g6 3. f4 Bg7 4. Nf3 Nd7 5. Bc4 c5 6. c3 Ngf6 7. e5 dxe5 8. dxe5 Ng8 9. e6 fxe6 10. Bxe6 Qb6 11. Qb3 Qxb3 12. axb3 Nb6 13. Ng5 Nh6 14. Bxc8 Nxc8 15. Ne6 Kf7 16. Nxc5 Nd6 17. 0-0 Rhd8 18. Be3 b6 19. Na6 Rd7 20. Nb4 Nhf5 21. Bf2 Nb5 22. g4 Nfd6 23. Bxb6 Ne4 24. g5 Nbd6 25. Be3 Nb5 26. Ra5 Nbd6 27. Nc6 a6 28. Ne5+ Ke8 29. Nxd7 Kxd7 30. Rd1 Ke8 31. Bd4 Bf8 32. Re1 Kd7 33. b4 1-0

[Event "Novosibirsk Region-ch Seniors"]
[Site "Novosibirsk"]
[Date "2009.02.??"]
[Round "1"]
[White "Gulin, Yury"]
[Black "Popova, Adelanda"]
[Result "1-0"]
[WhiteElo "2003"]
[BlackElo "1636"]
[PlyCount "49"]
[EventDate "2009.02.??"]
[EventType "swiss"]
[EventRounds "9"]
[EventCountry "RUS"]
[SourceTitle "EXT 2012"]
[Source "ChessBase"]
[SourceDate "2011.11.24"]
[SourceVersion "1"]
[SourceVersionDate "2011.11.24"]
[SourceQuality "1"]

1. e4 g6 2. d4 d6 3. c4 Bg7 4. Be3 Nd7 5. Nc3 c6 6. Qd2 a6 7. a4 Qc7 8. Bd3 e5 9. Nge2 exd4 10. Bxd4 Ne5 11. 0-0 Nf6 12. f3 0-0 13. a5 Be6 14. b3 c5 15. Be3 b6 16. Bc2 bxa5 17. Bh6 Ne8 18. Bxg7 Nxg7 19. f4 Nc6 20. f5 Bc8 21. Nd5 Qd8 22. Qh6 Ne8 23. fxg6 hxg6 24. Rf4 Ne5 25. Rh4 1-0

[Event "SFR-ch Seniors"]
[Site "Novosibirsk"]
[Date "2008.10.10"]
[Round "3"]
[White "Nikitin, Gennady Sergeevich"]
[Black "Popova, Adelanda"]
[Result "1-0"]
[WhiteElo "2140"]
[BlackElo "1674"]
[PlyCount "83"]
[EventDate "2008.10.08"]
[EventType "swiss"]
[EventRounds "9"]
[EventCountry "RUS"]
[SourceTitle "EXT 2022"]
[Source "ChessBase"]
[SourceDate "2021.10.06"]
[SourceVersion "1"]
[SourceVersionDate "2021.10.06"]
[SourceQuality "1"]

1. e4 c5 2. Nf3 e6 3. d4 cxd4 4. Nxd4 a6 5. Nc3 Ne7 6. Bd3 Nbc6 7. Nb3 Ng6 8. 0-0 Be7 9. f4 0-0 10. a3 Rb8 11. Be3 Nh8 12. e5 f5 13. exf6 Bxf6 14. Rb1 d5 15. Bd2 Nf7 16. Qf3 Qb6+ 17. Kh1 Nd6 18. Be3 Qd8 19. Bc5 Rf7 20. Rbd1 g6 21. Qe2 Bg7 22. Qd2 Nf5 23. Bf2 Bh6 24. g3 Ne5 25. Be2 Nc6 26. Bf3 Bg7 27. Qd3 Nfe7 28. Bg2 Nf5 29. Rfe1 h5 30. Ne4 Bf6 31. Nxf6+ Qxf6 32. c3 Kh7 33. Nd2 Nh6 34. Nf3 Kg7 35. Ng5 Re7 36. Bc5 Re8 37. Bd6 Ng4 38. Kg1 Ra8 39. Bc5 Qf5 40. Qxf5 gxf5 41. Bxd5 Kf6 42. h3 1-0

[Event "SFR-ch Seniors"]
[Site "Novosibirsk"]
[Date "2008.10.09"]
[Round "2"]
[White "Popova, Adelanda"]
[Black "Klimov, Valery"]
[Result "0-1"]
[WhiteElo "1674"]
[BlackElo "1946"]
[PlyCount "66"]
[EventDate "2008.10.08"]
[EventType "swiss"]
[EventRounds "9"]
[EventCountry "RUS"]
[SourceTitle "EXT 2022"]
[Source "ChessBase"]
[SourceDate "2021.10.06"]
[SourceVersion "1"]
[SourceVersionDate "2021.10.06"]
[SourceQuality "1"]

1. d4 Nf6 2. c4 g6 3. Nc3 Bg7 4. Nf3 d6 5. e4 0-0 6. Bd3 Bg4 7. h3 Bxf3 8. Qxf3 Nfd7 9. Be3 Nc6 10. d5 Nd4 11. Qd1 e5 12. 0-0 f5 13. exf5 gxf5 14. Bxd4 exd4 15. Ne2 f4 16. Be4 Nc5 17. Bf3 Qf6 18. Rb1 a5 19. a3 a4 20. Nc1 Qf5 21. Ne2 Nb3 22. Bg4 Qg6 23. f3 h5 24. Be6+ Kh8 25. Kh2 Be5 26. Qe1 d3 27. Nc3 Qg3+ 28. Kh1 Qxe1 29. Rfxe1 Bxc3 30. bxc3 b6 31. Bd7 Nc5 32. Bc6 Ra7 33. Rbd1 Rf7 0-1